00422nam a2200157Ia 4500008004100000020001800041082001600059100001400075245005000089250000800139260003300147300002300180500001900203600002700222650001500249240925s9999 xx 000 0 und d a9789351071594 a624.171 LIU aLiu, G.R. 4aThe Finite Element Method: a prictical course a1st aNew Delhi:bElsivierc,2014. a131p.b0fOriginal aIncludes Index aElectrical Engineering aTechnology